000 00296nam a2200121 i 4500
001 bg
245 0 _aTeplofiziceskie zvojstva i gazodinamika vysokotemperaturnych sred.
260 _aMoskva,
_c1972.
040 _cBPK
041 _apol
942 _cKS
008 s pl f |000 0 pol
999 _c27051
_d27051
856 _uhttp://koha.tu.koszalin.pl/cgi-bin/koha/opac-detail.pl?biblionumber=27051
_yKatalog online BPK